បច្ចេកទេសបង្កើនផលិតកម្មទាកាប៉ាលក្ខណៈគ្រួសារ (Record no. 22548)

000 -LEADER
fixed length control field 00355nam a22001097a 4500
040 ## - CATALOGING SOURCE
Transcribing agency RUA
082 ## - DEWEY DECIMAL CLASSIFICATION NUMBER
Classification number FAO SIN 2013 C217 Or.
245 ## - TITLE STATEMENT
Title បច្ចេកទេសបង្កើនផលិតកម្មទាកាប៉ាលក្ខណៈគ្រួសារ
260 ## - PUBLICATION, DISTRIBUTION, ETC. (IMPRINT)
Place of publication phnom penh
Name of publisher rua
Year of publication 2013
300 ## - PHYSICAL DESCRIPTION
Number of Pages iii.47p.
Other physical details ill.
Dimensions 29cm.
942 ## - ADDED ENTRY ELEMENTS (KOHA)
Koha item type ឯកសារស្រាវជ្រាវ
952 ## - LOCATION AND ITEM INFORMATION (KOHA)
Withdrawn status [LOCAL, KOHA] 0
Holdings
Permanent Location Date acquired Koha item type Lost status Shelving location Barcode Current Location Full call number
Library Block C2024-01-15ឯកសារស្រាវជ្រាវ C217rua060248Library Block CFAO SIN 2013 C217 Or.
មជ្ឈមណ្ឌលឯការនៃសាកលវិទ្យាល័យភូមិន្ទកសិកម្មចំការដូង

Powered by Koha